Nuevo viento en popa : guía para el docente /

Guardado en:
Autor Principal: Goldberg, Mirta
Otros Autores: Bogomolny, María Inés
Formato: Libro
Publicado: Buenos Aires : Aique
Materias:
Etiquetas: Agregar Etiqueta
Sin Etiquetas, Sea el primero en etiquetar este registro!
LEADER 00715nam a22002295a 4500
001 CEM.cems012580
005 20070823185335.0
008 130507b######################000#0#####d
003 CEMS
020 |a 9507010327 
082 0 4 |a SG372.41 
100 1 |a Goldberg, Mirta 
245 1 0 |a Nuevo viento en popa :  |b guía para el docente /  |c Mirta Goldberg, María Inés Bogomolny 
260 |a Buenos Aires :  |b Aique 
300 |a 46 p. 
653 |a Educación 
653 |a Educación primaria 
653 |a Lengua-1º egb 
653 |a Lengua-guía para el docente 
653 |a Biblioteca maría de los angeles saggio 
700 1 |a Bogomolny, María Inés 
859 |a CEMS  |b BIB. CEMS - 11 de abril  |h SG372.41  |i G564-2  |p 23711.07  |t Ej.1